000 00664nam a22001577a 4500
003 OSt
008 220125b ||||| |||| 00| 0 eng d
020 _a9789380179636
082 _a631.3
_bVER/FA
100 _aVeera Selvam, R.K
_95148
245 _aFarm machinery and power
260 _aJaipur
_bOxford Book company
_c2010
300 _a287 p
505 _a1 Power and Machinery in Agriculture . 2 Farm Mechanisation Strategy. 3 Farm Power Systems . 4 Animal Power . 5 Farm Tractors. 6 Electrical Power Systems in Farms . 7 Cultivation and Harvesting Tools. 8 Irrigation Tools and Techniques. 9 Farm Machinery Selection and Maintenance .
942 _cBK
999 _c13789
_d13789